000
00316nam a22001337a 4500
008
170216b xxu||||| |||| 00| 0 eng d
020
_a
9781418055394
041
_a
eng
080
_2
2ND
_a
615
100
_a
5
101
_a
SHF
245
_a
ADVANCED PHARMACY PRACTICE FOR TECHNICIANS
_c
LAMBERT, A,A
942
_2
udc
_c
BK
999
_c
5734
_d
5734